All Geometry Dash Demon Levels Ive Beaten - Statistics

General Stats
  • This quiz has been taken 5 times
    2 since last reset
  • The average score is 8 of 497
Answer Stats
Creators Levels % Correct
Robtop Clubstep
100%
Robtop Deadlocked
100%
Robtop Theory of Everything 2
100%
Motleyorc B
50%
Grenate iS
50%
ZenthicAlpha Jawbreaker
50%
Zobros Nine Circles
50%
ZenthicAlpha Speed Racer
50%
PotatoBaby Stereo
50%
ZenthicAlpha Supersonic
50%
Timeless Real THE LIGHTNING ROAD
50%
Jax The Nightmare
50%
Cody 12 Clutterfunk
0%
Mmath 5000kelvin
0%
Sangchan 69 Machine
0%
OzzeL2 850
0%
Motleyorc ABATE
0%
NeoSweet ABCDEFGHIJKLMNOPQRS
0%
Bli Absolute Garbage
0%
BEkId1442 Absolute zero
0%
ViPriN Accelerando
0%
ZubWill Accelerate
0%
Rustere ACCELERATOR
0%
Gonixel Adrenaline Rush
0%
F3lixsram Adust
0%
Hauxz AERO BLUE VISTA
0%
seannnn Airborne Takedown
0%
Cometface AIR SUPPLY
0%
Nasgubb Airtime
0%
Edooox Aldebaran
0%
Edooox Alpha Centauri
0%
An Gyung An
0%
Alkali Anasthasia
0%
galofuf And Ever
0%
Crispinus A new system
0%
Zyzyx AnotherCircles
0%
MasK463 Apocalypse Eve
0%
Ggb0y Ascent
0%
Arclia Astralith
0%
Dzeser Astronaut 13
0%
FunnyGame Atlas
0%
Experience D Atrocities Area
0%
Darwin Backbeat Revenge
0%
Gw-madboy Bad touch
0%
Fairfax Bakuretsu
0%
Assing Balut
0%
Ryder Based
0%
GameForGame Bass Knight
0%
Darnoc2 Beautiful Chaos
0%
Subwoofer Better Than Reality
0%
TheRealDarnoc Bionic Button
0%
Alphirox BITBLEXIT
0%
Pan Blacklight
0%
Vlacc Black off
0%
FeindFighter Blindfolder
0%
Cerufiffy Blip
0%
Zyzyx Bloodbath Z
0%
MrSpaghetti Bloudeleuste
0%
DHaner Bloz
0%
LaZye Blue Hell
0%
Splinter25 Born Survivor
0%
Ellisha Boxing Boxes
0%
BrainETR BRAINPOWER
0%
DreamTide | HTigerzGD Breakout
0%
Voxicat Broken Gameboy
0%
Alphanetic Broken Reality
0%
NoFlix Broken Roulette
0%
Rub Buck Buck Force
0%
JHYMHMHY BuriaL TombS
0%
F3lixsram Buried Angel
0%
CujGD Bussin
0%
Linco Butterfly Effect
0%
ViPriN BUTTON MASHER
0%
Wintter CAniL Dupcha
0%
Vulcanium4 Cant Let vulc
0%
RoyalP Caput Mundi
0%
Jeyzor Castle
0%
Serponge CastleMania
0%
Experience D Cataclysm 1
0%
ZenthicAlpha Catacomb
0%
Pg1004 Caution
0%
Bli Change of Scene
0%
MrCheeseTigrr Chaotic
0%
Sumsar Chaoz Airflow
0%
TheRealDarnoc Chaoz Impact
0%
IId4sh3rll Chaoz impact
0%
Whirl Cheat Codes
0%
Ferdefunky Chord Cutter
0%
Hack965 Christmas is Here
0%
StyphonTV Chromatique
0%
Avelinz Circulatum
0%
Subwoofer Citadel
0%
Hakkou Classical
0%
TheRealDarnoc Clubdrop
0%
BlasterJaxx Clubflow
0%
ZenthicAlpha ClubstepDynamix
0%
IIINeptuneIII Clubstep v2
0%
IIINeptuneIII Clutterfunk v2
0%
Lyod ClutterStep
0%
KuraiYonaka ClutterX
0%
Rexone Cobalt Ruins
0%
zZeusGD Collapse
0%
Renn241 COLOR CRUSHER
0%
Lealhalzitx Common s3nse
0%
GdIAwesomeMe Cosmic dreamer
0%
0xNano Cosmic Rush
0%
Czodi Cosmic War
0%
Player Crazy
0%
DavJT CraZy
0%
FunnyGame Crazy Bolt
0%
MasK463 Crescendo
0%
Lemons Crisis Complex
0%
TheRealDarnoc Crunchy Apple
0%
Subwoofer CRUSH
0%
Bli crying clouds
0%
Tunar98 Cyber paradise
0%
Atlex Cybersphere
0%
Hinds Dance Massacre
0%
Edooox Danza Massacrante
0%
Alkali Darker drop
0%
Alkali Darkest drop
0%
LaZye Dark Hell
0%
Xepheron DARKNESS
0%
AbstractDark Darkness Keeper
0%
Jeyzor Dark Park
0%
BEkId1442 DarnoCant let go
0%
TheRealDarnoc DarnocDynamix
0%
BlueLite Dash v2
0%
Experience D dawns room
0%
ThisIsPaylin Ddays
0%
Dysco DeaDrop
0%
TriAxis Dear Nostalgists
0%
IIINeptuneIII DeathFunk
0%
Rustic Death Moon
0%
FunnyGame Death Step
0%
RehanZ Deathstep III
0%
Rek3dge DeCode
0%
buoGrOsSo777 deep
0%
Custi DEEP BLUE SEA
0%
Darwin Degenerate
0%
Bli delicious
0%
Experience D Demon Dawn
0%
KeTiS Demon forest
0%
Suomi Demonic Uprise
0%
Player Demon jumper
0%
RealOggY DEMON MIXED
0%
M2coL Demon park
0%
Elemelon Demon step
0%
Superhexagon Demon world
0%
DOMIANGELI Desolate Deep
0%
MasK463 Dimensional
0%
PunkySoul Dimension Machine
0%
Jeyzor Ditched Machine
0%
ViPriN Divisi
0%
Dorabae Dorabaedifficult4
0%
Danzmen Down Unda
0%
Bizaare Draft Theory
0%
Kronos Dragon temple
0%
SirHadoken Ebb
0%
XMisery Eighto
0%
MrNeon Electro Clubbin
0%
IIINeptuneIII Electrodynamix v2
0%
Danolex Electro House
0%
IIINeptuneIII Electroman Adven v2
0%
GW-madboy Electro rand
0%
Experience D element 74 LA
0%
Dongchi End Line
0%
TamaN Endorphin Rush
0%
JonathanGD Erou
0%
IIsane Error
0%
Subwoofer Espionage
0%
IIDeaychawooII Evil
0%
Jamby EVORSUS
0%
HaoN Extinction
0%
Rabbitical Extreme Fantasy
0%
Rabbitical Extreme park
0%
mkComic Fairydust
0%
Bli Fall Apart
0%
Spark Fast n Spicy
0%
CrisPy Dash Fear Me
0%
Cerufiffy Fifiglizzy
0%
Glittershroom Figures
0%
Rabbitical Final Stage
0%
BlueLite FingerDash v2
0%
Dudex Fire level
0%
Michigun Fire Temple
0%
Hinds Firewall
0%
Endevvor Firework
0%
Pollapo Five nights Pollapo
0%
TheSuperBot Flappy Weird
0%
Subwoofer Flea
0%
Split72 Flower Crown
0%
AMightyDuck Flurry
0%
Fawxu Fnafbass
0%
Jeyzor Forbidden
0%
Minesap ForceDynamix
0%
Michigun Forest Temple
0%
GGLudvigg Forgotten Metropolis
0%
Zobros Forsaken Neon
0%
Artimiel Fractured circles
0%
Joojmiguel Fratura
0%
MrPPs FREEDOM
0%
DrSandwich Frostbite
0%
XSlend FUGACIOUS II
0%
Voxicat FUNKED UP
0%
Experience D funk spirit
0%
JonathanGD Future Funk
0%
Optation Game Over
0%
GD Jose Gear III
0%
FunnyGame Genesis
0%
Wetols GGEZ
0%
Wetols glhf
0%
JamAttack Glorious fortress
0%
Danzmen GluttonY
0%
Danzmen God Yeeter
0%
Terron Golden Hope
0%
Serponge Gold Temple
0%
PixelLolka Great Asset
0%
Nano4618 GREEN DEMON
0%
Grenate Grenate
0%
Clasi Grey Trap
0%
StevenKsttle GuThrie
0%
An Gyung Gy
0%
RealHaHaHa Hahaha Insane Map
0%
Kr1j HamDuck Vortex
0%
Thewosgd Hana
0%
BitZGD Haunted Moon
0%
Serponge HeLL
0%
PIS Hell and heaven
0%
MikeWheelerFan Hellcat
0%
IIINeptuneIII Hexagon Force v2
0%
TheRealDarnoc Hextec Flow
0%
Wulzy High Spirits
0%
DHaner Hold On
0%
Experience D honor step
0%
Mylon Horizon
0%
BlastiGDX Horizon Zero
0%
Zoroa Hue Effect
0%
Lemons HyperFlux
0%
KeTiS Ice cave
0%
YakobNugget Ice Melt
0%
Experience D Ice of Dawn
0%
DarnocBlue IceStream
0%
HelpegasuS IGNITION
0%
NiTro451 IiI Demon Shade IiI
0%
Z3r3p I Made This 4 Fun
0%
Danke Im Dead
0%
NiTro451 Impact X
0%
MrCheeseTigrr Impulse
0%
IITechnoDashII Inferiorem Modum
0%
Startor Infinite Circles
0%
Rawin In My Mind
0%
5duck Insane club
0%
Serponge InsanitY
0%
Etzer INSERT COIN
0%
Rafer In Silico
0%
Glittershroom Insomnia
0%
Fault Interstellar Infant
0%
LOSTDATA invisible clubstep
0%
Nacho21 Invisible Light
0%
Voxicat ISpyWithMyLittleEye
0%
EnenzoGD It really circles
0%
Playeruan IV
0%
PlebKIngdom Jajagarasu
0%
MasK463 Katapult
0%
Cerufiffy KILN
0%
Woom Koenigstein
0%
EtherumTeam KPYT6IE L9GUSHKI
0%
Fury0313 Lanthanium
0%
Johdanlop LAP TWO
0%
TrueNature Laser Room
0%
TroxxP1 Last Abyss
0%
Michigun Lava Temple
0%
Lemons Lemonade
0%
Gw Jumper Lightning World
0%
Lyod Lights and Thunder
0%
Experience D Lights speed
0%
FunnyGame Lonely travel
0%
f3lixsram Lucidum
0%
Lyal Lucy
0%
Nova4664 Luminescent
0%
iIFrostIi Lust
0%
ScorchVx Magma Bound
0%
Optation Mass Production
0%
Starbom Mass Surveillance
0%
ItzKiba MAYMORY
0%
Tongii Mechanical Showdown
0%
ZenthicAlpha Mechanic Downforce
0%
Carminius Mehdi
0%
XVicoGD Meka Dynamism
0%
BlowMyPooh Meow
0%
GD Jose Metal Crusher
0%
BranSilver Metal Magic
0%
Shemo Meteoric Debris
0%
Tunar98 military
0%
Nikce Mil Noches
0%
Dudex Mirror Force
0%
JonathanGD Monolithos
0%
SilverSoul Monster City
0%
Experience D Moon adventure
0%
TamaN Motion
0%
ExtoPlasm Mr CrazyHands
0%
Pugmaster706 Muse Rush
0%
TrueNature Natural step
0%
Gw Cool Neon Dynamics
0%
Gw Zenesiters Nether step
0%
Gepsoni4 Neuf Cercles
0%
Arclia Next Cab Soon
0%
BlueRimz NeXus
0%
Rustam Nine Circles XII
0%
Vlacc Nitrogen
0%
Robotchief NODE
0%
Serponge Noel Electra
0%
GamerKnight750 Nomostros Cosmos
0%
Noobas NOOBAMAN ADVENTURES
0%
EnZore Not a Phobia
0%
Iriswolfx NothinG
0%
Dolphe Not My Style
0%
EmoOr4Real NTTE
0%
Serponge Ocean Rush
0%
Spawn OFFline
0%
AtomicRest ONE BAD APPLE
0%
SleyGD Outbreak
0%
Experience D overdrive
0%
Tyrannyy OVERTHINKER
0%
The Goola OXIDIZE
0%
Cerufiffy packdotpng
0%
Loogiah Pain Elemental
0%
N1XO Paracosm Circles
0%
Dhafin Parallel Run
0%
Rabbitical Parallel World
0%
Distortt Pareidolia
0%
Ghotstav Petal Patch
0%
Pg1004 Pg clubstep
0%
Cerufiffy Phjork
0%
N4xol Phollos
0%
Jerry4 Platinum Adventure
0%
LillyVX PLAY WITH FIRE
0%
Divikair POINTBREAK
0%
Andromeda GMD | LaZye Poltergeist
0%
AmorAltra PP
0%
Bli Prism Peak
0%
Dhafin Problematic
0%
Experience D promptness star
0%
M2coL Psychic escape
0%
Hinds Psychosis
0%
IvashkaUA PsyWorm
0%
Viot PXTTXRN SXXKXR
0%
Chipzz Quark
0%
MrCheeseTigrr Radioactive Demon
0%
Experience D Rapid Lightning
0%
Ch4rlie03 Ratio Circles
0%
WrongUfo rats in my computer
0%
CyanBoi Raven
0%
Terron Reanimation
0%
EVAD3 ReaperTheory
0%
4chairs Red dart
0%
An Gyung Reminisce
0%
FunnyGame Requiem
0%
ItzKiba RESPITE
0%
ZenthicAlpha Restricted Area
0%
Hinds Resurrection
0%
Nacho21 Retro Circles
0%
DangerKat Retrospect
0%
Rabbitical Ripplez Adventures
0%
Chupda Robtop
0%
Ene Ruined Planet
0%
Blodge Ruins of Destiny
0%
Danzmen Running in the 90s
0%
TroxxP1 Ruta del Sol
0%
OSIRIS GD Saguaro
0%
Sivlol Sakupen Egg
0%
PAHC SAVE AS
0%
ToastLord Scarlet Smog
0%
FJud SCENIC ROUTE
0%
Booglee Secret Way
0%
Guppy28 Section
0%
Seeker Seeker of demon
0%
AbyssiniaGD SemiCircles
0%
Giron Sharp Minor
0%
Horneet Shattering Light
0%
SerTop Ship
0%
SpKale Shiver
0%
Nico99 Shrill Hallway
0%
ChaSe Sidestep
0%
BrainETR Silent ClubX Rebirth
0%
Whirl Sinless Ash
0%
YoReid Skeletal Shenanigans
0%
Vitto918 Skip ad
0%
Pocke Skyline Pt II
0%
TheRealDarnoc Sky Realm
0%
Rafer Sky Tower
0%
Danzmen Slap Squad II
0%
Whirl Slasher
0%
Llertt Smooth ride
0%
Puueds Soar
0%
D4rkGryf Solar Circles
0%
Fault Solar Split
0%
zNotNinja Sonic Wave Unlimited
0%
Suomi Space Circles
0%
D0mer Space Club
0%
Loltad Space Dance
0%
MAYEROSA Spacetime Error
0%
PotatoBaby Spark
0%
TheRealSalad Speed of Light
0%
TheRealSalad Speed of Light II
0%
ZenthicAlpha SpiralDynamix
0%
Nox Stalemate
0%
Disp Star Chaser
0%
Ferdefunky STARPUNK
0%
MasK463 StarQuake
0%
Nicki1202 Star Road
0%
TheRealDarnoc Steam Chamber
0%
Empika Still Life
0%
Subwoofer Submerged
0%
Jax Super Cycles
0%
Sweetdude Syobon Action
0%
Picha System Split
0%
Talia Tabasco
0%
Nasgubb Takeoff
0%
Manix648 Tectonic Blitz
0%
NormDanchik Ten Circles
0%
Shemo Tengu Wind
0%
TamaN Terminal Velocity
0%
ARtu Thanatophobia
0%
JacobROso The Behemoth
0%
Akame GD The Death Moon
0%
Draykonic The Dragons lair
0%
JonathanGD The Farewell
0%
Cometface THE HILLS HAVE EYES
0%
Vegtam The Incinerator
0%
Renn241 The Long Walk Home
0%
IIINeptuneIII Theory of every v2
0%
Dorami Theory of FirePower
0%
SpacePark Theory of Jumping
0%
Noobas Theory of SkriLLex
0%
Experience D the pulse
0%
Softable The Realistic
0%
Flash ThermoDynamix
0%
Andromeda GMD The Robotic Rush
0%
Peton The Seven Seas
0%
FunkYFries THE UNDERGROUND
0%
Nico99 Thumper
0%
Danzmen TiBuTi
0%
AeonAir Time pressure
0%
Duan TM Super Hard Mix
0%
Masterthecube5 ToE 3
0%
Manix648 TOE III
0%
IIINeptuneIII ToE II v2
0%
Darnoc2 To the Grave
0%
GiaMmix Toxic Surge
0%
Xaro Toxin Lab II
0%
Ferdefunky Traction
0%
Cirtrax Trailblazing
0%
Jct Trance Impact
0%
OliSW Trek
0%
Experience D Triple flask
0%
Rlol Trump Circles
0%
Hiroquet Twinkle
0%
Suomi Ultimate Circles
0%
IIIRulasIII Ultra Fairydust
0%
IIIRulasIII Ultra Paracosm
0%
SomeRandomCow Unite
0%
Sydorf Unmaded
0%
ZenthicAlpha Uprise
0%
RadiationV2 Uprising
0%
iMinAY V01d
0%
Serponge VeritY
0%
Schady Vibration
0%
Splinter25 Virtualization
0%
Nikuomi Virtual Reality
0%
Nasgubb Voyager
0%
GDCreeper4 WAREHOUSE
0%
IIINeptuneIII Way of the Darkness
0%
Llertt weird
0%
IpuNneO Weird hell
0%
Cometface WELL RESTED
0%
Booglee What is it
0%
Xender Game White Space
0%
Heatherhayes white women
0%
Danzmen Wild West
0%
Rabb2t Windings
0%
Woogi1411 Windy Landscape
0%
Danzmen Worst Lvl Ever Made
0%
Lumpy Wowzers holy
0%
Experience D Wrandering
0%
TriAxis X
0%
IIINeptuneIII Xstep v2
0%
Coke XYZ step
0%
Llertt Youre adopted
0%
TheRealDarnoc yStep
0%
Zyzyx Z
0%
Rustam Zafari
0%
DHaner Zircon
0%
Wintter ZXCircles
0%
No matching quizzes found
Score Distribution
Percent of People with Each Score
Percentile by Number Answered
Your Score History
You have not taken this quiz since the last reset